| 000 | 01029nam0a22002771 4500 | ||
|---|---|---|---|
| 001 | rc\4804975 | ||
| 005 | 20250612221856.0 | ||
| 021 |
_aRU _b[58-25033] |
||
| 035 | _a(NLR Aleph) 008874749 | ||
| 090 |
_a8544329 _c8544329 |
||
| 100 | _a20130426d1958 |||y0rusy50 ca | ||
| 101 | 0 | _arus | |
| 102 | _aRU | ||
| 105 | _ay z ||||| | ||
| 200 | 1 | _aОсновные тенденции в развитии автомобильного электрооборудования и приборов | |
| 210 |
_aМосква _cЦБТИ автомоб. пром-сти _d1958 |
||
| 215 |
_a20 с. _d22 |
||
| 300 | _aПеред загл. авт.: А.Н. Хватков, канд. техн. наук | ||
| 606 |
_aАвтомобили _xЭлектрооборудование _2psbo |
||
| 606 |
_aАвтомобильные приборы _2psbo |
||
| 700 | 1 |
_aХватков _bА.Н. _gАлександр Николаевич |
|
| 801 | 0 |
_aRU _bNLR _gpsbo |
|
| 801 | 1 |
_aRU _bELAR _2rusmarc |
|
| 852 |
_aNLR _j58-6/3772 |
||
| 942 | _cBOOK | ||
| 980 | _aNB | ||